| 000 | 00907cab a2200241 4500 | ||
|---|---|---|---|
| 001 | WB2514-14 | ||
| 008 | 090401t1989 xxu||||| |||| 00| 0 eng d | ||
| 035 | _a(Sirsi) u4754 | ||
| 041 | _aeng | ||
| 245 | _aHomeowner`s claim against insurers fails | ||
| 260 | _c1989 | ||
| 350 | _a0 | ||
| 490 |
_aIndependent _v7/4/89 p16 |
||
| 520 | _aIn Kelly v Norwich Union Fire and Life Insurance Ltd , CA 5 April 1989, a homeowner`s appeal against the decision in favour of the insurers has been dismissed. It was held that the insured house owner was not entitled to be indemnified for loss or damage which occurred during the term of the policy if the peril causing the loss or damage occurred before the policy began. | ||
| 650 | _aBURST PIPES | ||
| 650 | _aCRACKS | ||
| 650 | _aHEAVE | ||
| 650 | _aLIABILITY | ||
| 650 | _aSUBSIDENCE | ||
| 690 |
_aINSURANCE _96249 |
||
| 942 | _n0 | ||
| 948 | _c04/03/1997 | ||
| 999 |
_c2880 _d2880 |
||